Historia del pensamiento económico : ideas de los grandes autores en relación con la problemática argentina /
Guardado en:
| Autor Principal: | |
|---|---|
| Formato: | Libro |
| Publicado: |
Bahia Blanca :
Universidad Nacional del Sur,
1999
|
| Materias: | |
| Etiquetas: |
Agregar Etiqueta
Sin Etiquetas, Sea el primero en etiquetar este registro!
|
| LEADER | 00957nam a22001935a 4500 | ||
|---|---|---|---|
| 001 | CEM.cems010577 | ||
| 008 | 130507s1999##################000#0#####d | ||
| 005 | 20240625152126.0 | ||
| 245 | 1 | 0 | |a Historia del pensamiento económico : |b ideas de los grandes autores en relación con la problemática argentina / |c Alberto J. Vercesi |
| 260 | |a Bahia Blanca : |b Universidad Nacional del Sur, |c 1999 | ||
| 300 | |a 371 p. | ||
| 505 | 0 | |a Keynesianismo y peronismo (1943-1955) -- El desarrollismo (1958-1962) -- Un tema central en la Historia del pensamiento económico: el trabajo humano -- La historia del pensamiento económico en relación con algunos problemas filosóficos | |
| 020 | |a 9879281292 | ||
| 100 | 1 | |a Vercesi, Alberto J. | |
| 082 | 0 | 4 | |a 330.982 |
| 653 | |a Economía argentina | ||
| 653 | |a Política económica argentina | ||
| 859 | |a CEMS |b BIB. CEMS - 11 de abril |h 330.982 |i V582 |p 21139.01 |t Ej.1 | ||
| 859 | |a CEMS |b BIB. CEMS - 11 de abril |h 330.982 |i V582 |p 29483.24 |t Ej.2 | ||
